00589 2200205 4500001002100000005001500021035002000036245007700056100002400133250001000157300003600167260004400203082000800247084001400255020001900269600002700288600002800315504002000343990002000363INLIS00000000000527120250225064621 a0010-02250000851 aStop Membandingkan Diri Sendiri Dengan Orang Lain /cTjahjo Harry Wilopo0 aTjahjo Harry Wilopo aCet.1 a155 hlm, :bilus ;c14 x 20 cm. aYogyakarta,; :bChecklist Media,c2023. a159 a159 TJA s a978623811438-2 aPenyunting,Zhivana. AU aIlustrasi,Firsta Atinda aTentang Penulis a16142/P/BL/2024